00894 2200265 4500001002100000005001500021035002000036007000300056008004100059020002200100082001100122084002000133100001900153245007000172250002000242300003700262650002500299700002200324520015600346264003600502336002100538337003000559338002300589990001600612INLIS00000000004318420210826105813 a0010-0821000395ta210826 g 0 ind  a978-623-293-376-7 a639.31 aSR 639.31 UNT t0 aUntung Setiadi1 aTeknik budi daya ikan gurami /cUntung Setiadi; penyunting, Ajeng aCetakan pertama a84 halaman :bilustrasi ;c20 cm 4aBudidaya Ikan Gurami0 aAjengepenyunting aBuku ini membahas tentang seluk-beluk ikan gurami, peluang dan tantangan pembudidayaan ikan gurami, hingga teknik jitu dalam pembudidayaan ikan gurami. aYogyakarta :bDIVA Press,c2021 2rdacontentateks 2rdamediaatanpa perantara 2rdacarrieravolume a48150.60970